| 000 | 00358nam a2200145 a 4500 | ||
|---|---|---|---|
| 001 | 1513 | ||
| 003 | CDMR | ||
| 005 | 20130717132333.0 | ||
| 008 | 130130s1998||||||||||||||||||||||||||||d | ||
| 040 |
_aCDMR _bcat _cCPC GIRONA |
||
| 100 | 1 |
_aSohr, Raul _91143 |
|
| 245 | 1 | 0 |
_aHistoria y poder de la prensa _cSohr, Raul |
| 260 |
_c1998 _bAndres Bello |
||
| 942 |
_cMON _2udc |
||
| 999 |
_c1513 _d1513 |
||